000 01106 a2200241 4500
001 53951
005 20260407155810.0
008 260407a2008 arg spa d
003 AR-UNSa-BCEJYS
040 _aAR-UNSa-BCEJYS
_bspa
_cAR-UNSa-BCEJYS
080 _a331.5
_xMercado de Trabajo. Empleo
245 1 0 _aTeorías económicas sobre el mercado de trabajo
_pIII. Análisis Institucionalistas
020 _a978-950-557-739-2
264 1 _aBuenos Aires :
_bFondo de Cultura Económica
_c2008
300 _a305 p.
_c23 cm.
505 _a1. Defectos de cooperación para los enfoques institucionalistas del mercado de trabajo - 2. Revisitando enfoques teóricos institucionalistas sobre mercado de trabajo - 3. Las teorías de las segmentación de los mercados de trabajo - 4. El estudio de mercado de trabajo de la Teoría de la Regulación
041 _aspa
942 _cBK
590 _aniveau_biblio:m niveau_hierar:0
100 1 _aEymard-Duvernay, François
700 1 _aNeffa, Julio César
856 4 1 _uhttps://biblioeco.unsa.edu.ar/pmb/images/libros/L128488.jpg
_yImagen de portada
_qimage/jpeg
999 _c5296
_d5296